تمنّا کا دوسرا قدم اور غالب / (Record no. 106470)

MARC details
000 -LEADER
fixed length control field 00890nam a22002537a 4500
005 - DATE AND TIME OF LATEST TRANSACTION
control field 20170123162312.0
010 ## - LIBRARY OF CONGRESS CONTROL NUMBER
LC control number B-123452
020 ## - INTERNATIONAL STANDARD BOOK NUMBER
Terms of availability 150.00
International Standard Book Number 18188020
035 ## - SYSTEM CONTROL NUMBER
System control number B-123452
037 ## - SOURCE OF ACQUISITION
Source of stock number/acquisition Cen Lib/Ret
040 ## - CATALOGING SOURCE
Original cataloging agency DPL
Language of cataloging UR
082 ## - DEWEY DECIMAL CLASSIFICATION NUMBER
Classification number 841.08
Item number غ ا ل
100 ## - MAIN ENTRY--PERSONAL NAME
Personal name فرمان فتحپوری
9 (RLIN) 804
245 ## - TITLE STATEMENT
Title تمنّا کا دوسرا قدم اور غالب /
Statement of responsibility, etc فرمان فتحپوری
246 ## - VARYING FORM OF TITLE
Title proper/short title Tamanna ka dusra qadam aur ghalib /
Remainder of title by Farman Fatehpuri
260 ## - PUBLICATION, DISTRIBUTION, ETC. (IMPRINT)
Name of publisher, distributor, etc اقف بک ڈپو
Place of publication, distribution, etc نیی دہلی
Date of publication, distribution, etc 2004
270 ## - ADDRESS
Address 3243, کچہ تاراچند دریاگنج
City نیی دہلی
Postal code 110002
300 ## - PHYSICAL DESCRIPTION
Extent 160p.
Dimensions 21cm(Hb)
650 ## - SUBJECT ADDED ENTRY--TOPICAL TERM
Topical term or geographic name as entry element اردو ادب
9 (RLIN) 112171
650 ## - SUBJECT ADDED ENTRY--TOPICAL TERM
Topical term or geographic name as entry element اردو سوانح عمری
9 (RLIN) 112172
650 ## - SUBJECT ADDED ENTRY--TOPICAL TERM
Topical term or geographic name as entry element Urdu literature
9 (RLIN) 112173
650 ## - SUBJECT ADDED ENTRY--TOPICAL TERM
Topical term or geographic name as entry element Urdu biography
9 (RLIN) 511
942 ## - ADDED ENTRY ELEMENTS (KOHA)
Source of classification or shelving scheme Dewey Decimal Classification
Koha item type Urdu Bks
Classification part 841.08
Call number suffix غ ا ل
Holdings
Withdrawn status Lost status Damaged status Not for loan Home library Current library Date acquired Source of acquisition Cost, normal purchase price Total Checkouts Full call number Barcode Date last seen Copy number Cost, replacement price Price effective from Koha item type
        Central Library Central Library 21/12/2015 Cen Lib/Ret 150.00   841.08 غ ا ل B-123452 21/12/2015 1 150.00 21/12/2015 Urdu Bks

© Delhi Public Library
Hit Counter
free hit counter